Historia de la vida del Buscón llamado Don Pablos / (Record no. 162800)
[ view plain ]
| 000 -LEADER | |
|---|---|
| campo de control de longitud fija | 00860nam a2200217 i 4500 |
| 001 - NÚMERO DE CONTROL | |
| campo de control | 162800 |
| 003 - IDENTIFICADOR DE NÚMERO DE CONTROL | |
| campo de control | ES-MaACL |
| 005 - FECHA Y HORA DE LA ÚLTIMA TRANSACCIÓN | |
| campo de control | 20240523063047.0 |
| 008 - DATOS DE LONGITUD FIJA--INFORMACIÓN GENERAL | |
| campo de control de longitud fija | 050628s1859 sp |||| | spa d |
| 040 ## - FUENTE DE CATALOGACIÓN | |
| Centro catalogador/agencia de origen | CAM |
| Lengua de catalogación | spa |
| Centro/agencia transcriptor | CAM |
| 100 1# - ENTRADA PRINCIPAL--NOMBRE DE PERSONA | |
| Nombre de persona | Quevedo, Francisco de, |
| Fechas asociadas al nombre | 1580-1645 |
| 9 (RLIN) | 94591 |
| 245 10 - MENCIÓN DEL TÍTULO | |
| Título | Historia de la vida del Buscón llamado Don Pablos / |
| Mención de responsabilidad, etc. | Francisco de Quevedo Villegas. |
| 260 ## - PUBLICACIÓN, DISTRIBUCIÓN, ETC. | |
| Lugar de publicación, distribución, etc. | Madrid : |
| Nombre del editor, distribuidor, etc. | Biblioteca de la Instrucción Universal, |
| Fecha de publicación, distribución, etc. | 1859. |
| 300 ## - DESCRIPCIÓN FÍSICA | |
| Extensión | 125 p. ; |
| Dimensiones | 17 cm. |
| 490 1# - MENCIÓN DE SERIE | |
| Mención de serie | Instrucción Universal. 2. Literatura antigua ; |
| Designación de volumen o secuencia | 4 |
| 594 ## - Nota al título y mención de responsabilidad | |
| Nota al título y mención de responsabilidad | Precede al tit.. Prosistas españoles. |
| 598 ## - NOTA LOCAL | |
| Nota local | Datos de la serie constan en la cub. |
| 830 0# - PUNTO DE ACCESO ADICIONAL DE SERIE-TÍTULO UNIFORME | |
| Título uniforme | Instrucción Universal. 2. Literatura antigua ; |
| Designación de volumen o secuencia | 4 |
| 9 (RLIN) | 222222 |
| 852 ## - LOCALIZACIÓN | |
| Ubicación | ES-MaACL |
| Número de control de estantería | Fol-Laf-471 |
| Nota libre | -- Rúst. |
| -- | -- Sello: Legado M. de la Fuente |
| Estatus retirado | Estado de pérdida | Estado de daño | No para préstamo | Colección | Biblioteca de origen | Biblioteca actual | Ubicación en estantería | Fecha de adquisición | Total de préstamos | Signatura topográfica completa | Código de barras | Visto por última vez | Precio de reemplazo | Tipo de ítem Koha |
|---|---|---|---|---|---|---|---|---|---|---|---|---|---|---|
| Colección de folletos | Biblioteca del Ateneo de Madrid | Biblioteca del Ateneo de Madrid | Depósito folletos | 17/01/2008 | Fol-Laf-471 | 1170570 | 23/02/2023 | 23/02/2023 | Folleto |
